Qiṣṣat al-jins al-basharī /

محفوظ في:

المؤلف الرئيسي: Van Loon, Hendrik Willem, 1882-1944 (مؤلف)

مؤلفون آخرون: Khūrshīd, Ibrāhīm Zakī., Shintanāwī, Ahmad.

التنسيق: كتاب

اللغة: Arabic
English

منشور في: [Miṣr?] : Maṭābiʻ al-Shaʻb, [1958?]

سلاسل: Kitāb al-shaʻb ; 3.

الموضوعات:

الوسوم: إضافة وسم

لا توجد وسوم, كن أول من يضع وسما على هذه التسجيلة!

رقم الطلب: D21 .V3125 v.1

LEADER 01266nam a22003257a 4500
003 OSt
005 20251215134114.0
008 251215q1958 ua a e 000 0 ara d
040 |c ARCE Library 
041 1 |a ara  |h eng 
050 1 4 |a D21  |b .V3125 v.1 
100 1 |a Van Loon, Hendrik Willem,  |d 1882-1944,  |e author 
240 1 0 |a story of mankind.  |l Arabic 
245 1 0 |a Qiṣṣat al-jins al-basharī /  |c taʼlif Handrīk Vān Lūn ; tarjamat Ibrāhīm Zakī Khūrshīd, Aḥmad al-Shintanāwī. 
264 1 |a [Miṣr?] :  |b Maṭābiʻ al-Shaʻb,  |c [1958?] 
300 |a volume 1 :  |b illustrations ;  |c 29 cm. 
336 |a text  |b txt  |2 rdacontent 
337 |a unmediated  |b n  |2 rdamedia 
338 |a volume  |b nc  |2 rdacarrier 
490 1 |a Kitāb al-shaʻb ;   |v 3. 
500 |a Romanized record. 
500 |a Translation of : The story of mankind. 
650 0 |a World history. 
700 1 |a Khūrshīd, Ibrāhīm Zakī. 
700 1 |a Shintanāwī, Ahmad.  |9 39981 
830 0 |a Kitāb al-shaʻb ;   |v 3. 
880 1 4 |6 245-02/(3/r  |a قصة الجنس البشري   |c تأليف هندريك فان لون إبراهيم خورشيد، أحمد الشفتتاوي.‪‪‪‪‪‪‪‪‪‪‪‪‪‪‪‪‪‪‪ 
901 |a reviewed 
942 |c BK  |2 lcc 
999 |c 9534  |d 9534